000
00281nam a2200109Ia 4500
005
20251222141854.0
008
251222s9999||||xx |||||||||||||| ||spa||
082
_a
324.985/A81C/Ej.2
245
0
_a
Cinco Años, Tres Discursos
264
_b
Asociación Civil Transparencia
942
_c
LIB
999
_c
7843
_d
7843